000 00371nam a2200145Ia 4500
005 20250729165728.0
008 250729s2011 xx 000 0 und d
041 _aeng
082 _a930.7 MAHE
100 _aDr.mahesh Vikram Singh
_9231565
245 _aEarly Medieval Idia
260 _aNewdelhi
_bCenter U M Press
_c2011
300 _a208p
650 _aHistory
_9231566
999 _c239345
_d239345